Familias y personas con discapacidad intelectual en proceso de envejecimiento: la doble dependencia
Furkejuvvon:
| Váldodahkkit: | , , |
|---|---|
| Materiálatiipa: | Girji |
| Giella: | espánnjágiella |
| Almmustuhtton: |
Madrid
Síntesis
2009
|
| Fáttát: | |
| Fáddágilkorat: |
Lasit fáddágilkoriid
Eai fáddágilkorat, Lasit vuosttaš fáddágilkora!
|
MARC
| LEADER | 00000cam a2200000 a 4500 | ||
|---|---|---|---|
| 001 | UCG9352 | ||
| 003 | CL-VaPUC | ||
| 008 | 120309e20090000SP |||||||||||||||||spa|d | ||
| 020 | |a 9788497566568 | ||
| 082 | 0 | 4 | |a 616.858 |b VER |2 21 |
| 100 | 0 | |a Verdugo Alonso, Miguel Angel |e author |9 254799 | |
| 700 | 0 | |a Rodríguez Aguilella, Alba |e author |9 560871 | |
| 700 | 0 | |a Cruz Sánchez Gómez, María |e author |9 560872 | |
| 245 | 1 | 0 | |a Familias y personas con discapacidad intelectual en proceso de envejecimiento: la doble dependencia |
| 300 | |a 191 p | ||
| 942 | |c BK | ||
| 945 | |d 20120309 00:00:00 |a dcastane | ||
| 260 | |a Madrid |b Síntesis |c 2009 | ||
| 650 | 0 | |a Retraso mental |9 369247 | |
| 650 | 0 | |a Comportamiento |9 308406 | |
| 650 | 0 | |a Minusválidos mentales |9 311830 | |
| 650 | 0 | |a Educación especial |9 307486 | |
| 650 | 0 | |a Salud mental |9 308393 | |
| 650 | 0 | |a Familias |9 255641 | |
| 650 | 0 | |a Genética |9 259443 | |
| 650 | 0 | |a Herencia |9 256325 | |
| 583 | |a last modification |c 20120309 14:21:00 |k Rodrigo Vera | ||
| 999 | |c 346909 |d 346907 | ||
| 952 | |0 0 |1 0 |4 0 |6 616_858000000000000_VER_2009 |7 0 |8 A |9 447859 |a BIBEDU |b BIBEDU |d 2019-11-22 |i 4844165 |o 616.858 VER 2009 |p 4844165 |r 2019-11-22 |w 2019-11-22 |y BK |k EPE | ||